Spell the Marvel Character #382 - Statistics

General Stats
  • This quiz has been taken 15 times
  • The average score is 8 of 13
Answer Stats
Picture Answer % Correct
Captain America
100%
Howard the Duck
92%
Angel
85%
Spider-Woman
77%
Thor (Jane Foster)
77%
Arana
62%
Energizer
62%
Justice
62%
Omega
62%
Fantomex
54%
Karma
54%
Jack of Hearts
38%
Red Widow
23%
No matching quizzes found
Score Distribution
Percent of People with Each Score
Percentile by Number Answered
Your Score History
You have not taken this quiz